| 000 | 00604cam a2200229 4500 | ||
|---|---|---|---|
| 001 | D15647 | ||
| 008 | 090401t1981 xxu||||| |||| 00| 0 eng d | ||
| 035 | _a(Sirsi) u24310 | ||
| 041 | _aeng | ||
| 050 | _a711.4 | ||
| 090 | _aRICS 1981/20ABC | ||
| 110 |
_aRoyal Institution of Chartered Surveyors _94900 |
||
| 245 | _aLocal plans: procedures and interpretation | ||
| 260 |
_bRICS _c1981 |
||
| 300 | _a12p. 30cm | ||
| 350 | _a2 | ||
| 490 |
_aPractice Note _v8 |
||
| 520 | _aFiled in box RICS 1981/20 ABC | ||
| 710 |
_aPlanning and Develoment Division _91166 |
||
| 942 | _n0 | ||
| 948 | _c04/03/1997 | ||
| 999 |
_c88523 _d88523 |
||